Top 50 Albums from 2007 - Statistics

General Stats
  • This quiz has been taken 2 times
  • The average score is 8 of 50
Answer Stats
Artist Album % Correct
#8: Bon Iver For Emma, Forever Ago
100%
#13: of Montreal Hissing Fauna, Are You the Destroyer?
100%
#6: Arcade Fire Neon Bible
100%
#4: Animal Collective Strawberry Jam
100%
#5: The National Boxer
50%
#10: Porcupine Tree Fear of a Blank Planet
50%
#16: Kanye West Graduation
50%
#1: Radiohead In Rainbows
50%
#29: M.I.A. Kala
50%
#7: Panda Bear Person Pitch
50%
#2: LCD Soundsystem Sound of Silver
50%
#9: Stars of the Lid And Their Refinement of the Decline
0%
#25: Dario Marianelli Atonement
0%
#28: Blu & Exile Below the Heavens
0%
#20: Jean-Guihen Queyras Cello Suites
0%
#33: Between the Buried and Me Colors
0%
#47: Joshua Gordon / Randall Hodgkinson Complete Works for Cello and Piano
0%
#45: CunninLynguists Dirty Acres
0%
#46: Phideaux Doomsday Afternoon
0%
#14: Deathspell Omega Fas – Ite, Maledicti, in Ignem Aeternum
0%
#43: Oceansize Frames
0%
#22: The Field From Here We Go Sublime
0%
#34: Spoon Ga Ga Ga Ga Ga
0%
#27: Auktyon Girls Sing
0%
#40: Sheena Ringo & Neko Saitō Heisei Fūzoku
0%
#41: Sigur Rós Hvarf / Heim
0%
#32: Reverend Bizarre III: So Long Suckers
0%
#30: Gris Il Était une Forêt...
0%
#38: Eddie Vedder Into the Wild
0%
#42: And Also the Trees (Listen For) The Rag and Bone Man
0%
#12: Grand Valley State University New Music Ensemble Music for 18 Musicians
0%
#50: Gazpacho Night
0%
#36: Jens Lekman Night Falls Over Kortedala
0%
#35: Various Artists Once
0%
#37: Kashiwa Daisuke Program Music I
0%
#44: Solistenensemble des Philharmonischen Orchesters Freiburg / Solistenensemble des SWR Sinfonieorchesters Baden-Baden und Freiburg / Solistenchor Freiburg / ensemble recherche / Experimentalstudio der Heinrich-Strobel-Stiftung des SWR, Freiburg / André Richard / Peter Hirsch / Kwamé Ryan Prometeo, Tragedia Dell'Ascolto
0%
#48: Virgin Black Requiem - Mezzo Forte
0%
#23: Ulver Shadows of the Sun
0%
#26: Magnolia Electric Co. Sojourner
0%
#21: Alcest Souvenirs d'un Autre Monde
0%
#18: Nick Cave and Warren Ellis The Assassination of Jesse James by the Coward Robert Ford
0%
#49: Machine Head The Blackening
0%
#11: Primordial To the Nameless Dead
0%
#15: Wolves in the Throne Room Two Hunters
0%
#3: Burial Untrue
0%
#17: Moonsorrow V: Hävitetty
0%
#19: The Angelic Process Weighing Souls with Sand
0%
#24: PJ Harvey White Chalk
0%
#31: Electric Wizard Witchcult Today
0%
#39: Insect Warfare World Extermination
0%
No matching quizzes found
Score Distribution
Percent of People with Each Score
Percentile by Number Answered
Your Score History
You have not taken this quiz